000 00694nam a2200265Ia 4500
003 OSt
005 20220912152558.0
006 a|||||r|||| 00| 0
007 ta
008 220909b |||||||| |||| 00| 0 eng d
024 _a40543
037 _cTextual
040 _aCSL
_beng
_cCSL
041 _aeng
082 _aB217, L15
100 _aJech T J
245 0 _aLecture notes in mathematics
260 _c1971
300 _ap.
_ccm.
490 _aLecture Notes in Mathematics: a collection of informal reports and seminars
500 _aBibliography 131-135p
650 _aCombinatorial Theory
942 _hB217, L15
_cTEXL
_2CC
999 _c88999
_d88999